Sidhaya 11: (Record no. 363720)
[ view plain ]
| 000 -LEADER | |
|---|---|
| fixed length control field | 00558nam a2200121Ia 4500 |
| 008 - FIXED-LENGTH DATA ELEMENTS--GENERAL INFORMATION | |
| fixed length control field | 200619s9999 xx 000 0 und d |
| 020 ## - INTERNATIONAL STANDARD BOOK NUMBER | |
| International Standard Book Number | 978-971-98-0451-2 |
| 100 ## - MAIN ENTRY--PERSONAL NAME | |
| Personal name | Nuncio, Rhoderick V. |
| 245 ## - TITLE STATEMENT | |
| Statement of responsibility, etc | Rhoderick V. Nuncio, Elizabeth Morales-Nuncio, Rogelio Valenzuela, Vilma Alcantara-Malabuyoc, Aileen Joy G. Saul, Jean Marie Dealino-Gragasin, Ma. Anna Villanueva.-- |
| Title | Sidhaya 11: |
| Remainder of title | Komunikasyon at pananaliksik sa wika at kulturang pilipino / |
| 260 ## - PUBLICATION, DISTRIBUTION, ETC. (IMPRINT) | |
| Place of publication, distribution, etc | Quezon City : |
| Name of publisher, distributor, etc | C & E Publishing, Inc. |
| Date of publication, distribution, etc | 2016 |
| 300 ## - PHYSICAL DESCRIPTION | |
| Extent | vii, 361 pages |
| 650 ## - SUBJECT ADDED ENTRY--TOPICAL TERM | |
| Topical term or geographic name as entry element | Pananaliksik |
| Withdrawn status | Lost status | Damaged status | Home library | Current library | Shelving location | Date acquired | Total Checkouts | Full call number | Barcode | Date last seen | Price effective from | Koha item type |
|---|---|---|---|---|---|---|---|---|---|---|---|---|
| Southville International School Affiliated with Foreign Universities Library | Southville International School Affiliated with Foreign Universities Library | Southville Foreign University Section | 06/19/2020 | LB 2369 .N972 2016 | SFU0879 | 06/19/2020 | 06/19/2020 | Books |